Karbantartás [kép] /
Elmentve itt :
| Szerző: | |
|---|---|
| Dokumentumtípus: | Cikk |
| Megjelent: |
1964-11-27
|
| Sorozat: | Délmagyarország
54 No. 278 |
| Kulcsszavak: | Villamospálya karbantartás Szeged 1964, utak |
| Online Access: | http://dmarchiv.bibl.u-szeged.hu/69417 |
| LEADER | 00518nab a2200157 i 4500 | ||
|---|---|---|---|
| 001 | delm69417 | ||
| 005 | 20180927153740.0 | ||
| 008 | 180927s1964 hu o 0|| hun d | ||
| 040 | |a SZTE Délmagyarország Archívum |b hun | ||
| 041 | |a hun | ||
| 100 | 2 | |a Somogyi Károlyné Neurohr Magdolna | |
| 245 | 1 | 0 | |a Karbantartás |h [elektronikus dokumentum] : |b [kép] / |c Somogyi Károlyné Neurohr Magdolna |
| 260 | |c 1964-11-27 | ||
| 300 | |a 1 | ||
| 490 | 0 | |a Délmagyarország |v 54 No. 278 | |
| 695 | |a Villamospálya karbantartás Szeged 1964, utak | ||